000 00507nam a22001817a 4500
005 20251108164055.0
008 250721s1996 xx 000 0 ara d
082 1 4 _a921/سبي
100 1 _aسبيتي، حسين محمد
245 1 0 _aأعلام فلسفة التاريخ /
264 1 _aبيروت :
_bالمكتب العالمي للطباعة،
_c1996.
300 _a166ص
650 1 7 _aالفلسفة
650 1 7 _aالتراجم
650 1 7 _aالتاريخ
942 _2ddc
_cBK
999 _c2960
_d2960